Songs with U.S. States in the Title - Statistics

General Stats
  • This quiz has been taken 29,929 times
    29,920 since last reset
  • The average score is 9 of 17
Answer Stats
Artist Song Title % Correct
Eagles Hotel {California}
98%
Lynyrd Skynyrd Sweet Home {Alabama}
92%
Billy Joel {New} {York} State of Mind
80%
The Beach Boys {California} Girls
76%
The Mamas & the Papas {California} Dreamin'
69%
Ray Charles {Georgia} on my Mind
65%
Perry Como Deep in the Heart of {Texas}
60%
The Charlie Daniels Band The Devil Went Down To {Georgia}
59%
Gladys Knight & the Pips Midnight Train to {Georgia}
50%
2Pac {California} Love
49%
Mountain {Mississippi} Queen
32%
Elvis Presley Blue {Hawaii}
31%
Traditional My Old {Kentucky} Home
29%
The B-52's Private {Idaho}
27%
Stevie Ray Vaughan {Texas} Flood
21%
Glenn Miller {Pennsylvania} 6-5000
18%
The Doors {Alabama} Song (Whiskey Bar)
15%
No matching quizzes found
Score Distribution
Percent of People with Each Score
Percentile by Number Answered
Your Score History
You have not taken this quiz since the last reset